000 00344cam a22001217a 4500
008 180718b1925 xxu||||| |||| 00| 0 eng d
082 _aA99 N418/2
100 _aNevinson, Henry W.
245 _aMore changes, more chances
_cby Henry W Nevinson
260 _aLondon
_bNislet
_c1925
300 _a427p.
650 _aNevinson Heiry Woodd, 1856 - 1941
999 _c376512
_d376512